Autonomía Militar e Democracia: o caso Brasileiro
Guardado en:
| Autor principal: | |
|---|---|
| Formato: | Texto |
| Publicado: |
Santiago:
FLACSO
|
| Etiquetas: |
Agregar Etiqueta
Sin Etiquetas, Sea el primero en etiquetar este registro!
|
MARC
| LEADER | 00000 a a2200000 04500 | ||
|---|---|---|---|
| 001 | 25115 | ||
| 003 | |||
| 040 | |||
| 090 | |a 179900 | ||
| 100 | |a Brigagao, Clovis | ||
| 245 | |a Autonomía Militar e Democracia: o caso Brasileiro | ||
| 260 | |a Santiago: |b FLACSO | ||
| 300 | |a 25 p. | ||
| 999 | |c 12343 |d 12343 | ||
